Revista del Archivo Histórico del Cuzco / (Record no. 21875)

000 -CABECERA
fixed length control field 02547nam a22003497a 4500
003 - IDENTIFICADOR DEL NÚMERO DE CONTROL
control field AR-CdUCM
008 - DATOS DE LONGITUD FIJA--INFORMACIÓN GENERAL
fixed length control field 190425b ||||| |||| 00| 0 spa d
040 ## - FUENTE DE LA CATALOGACIÓN
Agencia/entidad que catalogó originalmente la obra MUNICIPALIDAD PROVINCIAL DEL CUSCO
Entidad que transcribió la catalogación BIBLIOTECA MUNICIPAL DEL CUSCO
082 ## - NÚMERO DE LA CLASIFICACIÓN DECIMAL DEWEY
No. de Clasificación Rev.AHC/N°3/1952
110 ## - ENTRADA PRINCIPAL--NOMBRE DE ENTIDAD CORPORATIVA
Nombre de la institución, jurisdicción como entrada principal Archivo Regional del Cusco
9 (RLIN) 46600
245 ## - MENCIÓN DE TÍTULO
Título Revista del Archivo Histórico del Cuzco /
Mención de responsabilidad Universidad Nacional del Cuzco
260 ## - PUBLICACIÓN, DISTRIBUCIÓN, ETC.
Lugar de publicación, distribución, etc. Cusco :
Nombre de la editorial, distribuidor, etc. H.G. Rozas,
Fecha de publicación, distribución, etc. 1952.
300 ## - DESCRIPCIÓN FÍSICA
Nº de Páginas Extensión 430 páginas. :
Otros detalles físicos ilustraciones ;
Dimensiones 21 cm.
440 ## - MENCIÓN DE SERIE/PUNTO DE ACCESO ADICIONAL--TÍTULO
Título Revista del Archivo Histórico.
Número de la parte/sección de una obra Año III, 1952, N°3.
9 (RLIN) 46602
505 ## - NOTA DE CONTENIDO CON FORMATO
Nota de contenido formateada Contenido: Documentos relacionados con encomenderos Instrucción para los sacerdotes que se ocuparen de la conversión de los indios del Perú, hecha por Fray Diego de Porras. -- Encomiendas de indios. -- Reparos puestos por el Virrey del Perú don Luis de Velasco sobre la sucesión de los indios encomendados en los hijos de los conquistadores. -- Queja de indígenas. -- Azotado por adivino. -- Comercio de documentos históricos. -- Arte cuzqueño (Segunda mitad del siglo XVII). -- Escudos de la Universidad del Cuzco. -- Papeles del Brigadier Pumacahua. -- Juramento de la Constitución de 1812. -- Abogados suspendidos del ejercicio de su profesión por hallarse complicados en la Revolución de 1814. -- Bernardino Tapia, un prócer olvidado. -- Recepción de otro archivo. -- De la vida colonial 102 escrituras y datos diversos. -- Los once millones de los jesuitas. -- Defensa de esclavo. -- Abolición de la esclavitud. -- Funerales por la muerte del Libertador Bolívar. -- Residencia del Mariscal Gamarra. -- Pasaje del río Apurímac. -- Grados conferidos por la Universidad del Cuzco. -- Documentos referentes a la Revolución de 1809 en La Paz. -- Unos oficios del Mariscal Gamarra. -- Archivo del Colegio Nacional de Educandas. -- Archivo del Colegio Nacional de Ciencias (continuación).
650 ## - PUNTO DE ACCESO ADICIONAL DE MATERIA--TÉRMINO DE MATERIA
Descriptor Constitución 1812
9 (RLIN) 46007
650 ## - PUNTO DE ACCESO ADICIONAL DE MATERIA--TÉRMINO DE MATERIA
Descriptor Documentos históricos
9 (RLIN) 1122
650 ## - PUNTO DE ACCESO ADICIONAL DE MATERIA--TÉRMINO DE MATERIA
Descriptor Patrimonio documental
9 (RLIN) 44090
650 ## - PUNTO DE ACCESO ADICIONAL DE MATERIA--TÉRMINO DE MATERIA
Descriptor Historia del Cusco
9 (RLIN) 1714
650 ## - PUNTO DE ACCESO ADICIONAL DE MATERIA--TÉRMINO DE MATERIA
Descriptor Simón Bolívar
9 (RLIN) 1694
650 ## - PUNTO DE ACCESO ADICIONAL DE MATERIA--TÉRMINO DE MATERIA
Descriptor Levantamientos andinos
9 (RLIN) 44095
650 ## - PUNTO DE ACCESO ADICIONAL DE MATERIA--TÉRMINO DE MATERIA
Descriptor Mateo Pumacahua
9 (RLIN) 45788
650 ## - PUNTO DE ACCESO ADICIONAL DE MATERIA--TÉRMINO DE MATERIA
Descriptor Época colonial
9 (RLIN) 46611
650 ## - PUNTO DE ACCESO ADICIONAL DE MATERIA--TÉRMINO DE MATERIA
Descriptor Archivo del Colegio Ciencias
9 (RLIN) 46612
650 ## - PUNTO DE ACCESO ADICIONAL DE MATERIA--TÉRMINO DE MATERIA
Descriptor Archivo del Colegio Educandas
9 (RLIN) 46613
650 ## - PUNTO DE ACCESO ADICIONAL DE MATERIA--TÉRMINO DE MATERIA
Descriptor Arte colonial
9 (RLIN) 13403
650 ## - PUNTO DE ACCESO ADICIONAL DE MATERIA--TÉRMINO DE MATERIA
Descriptor Arte cusqueño
9 (RLIN) 13165
700 ## - PUNTO DE ACCESO ADICIONAL--NOMBRE DE PERSONA
Nombre Personal Cornejo Bouroncle, Jorge
9 (RLIN) 15278
700 ## - PUNTO DE ACCESO ADICIONAL--NOMBRE DE PERSONA
Nombre Personal Covarrubias Pozo, Jesús
9 (RLIN) 46044
942 ## - ELEMENTOS DE PUNTO DE ACCESO ADICIONAL (KOHA)
Fuente de clasificación
Tipo de item Revistas cusqueñas
945 ## - PROCESAMIENTO DE INFORMACIÓN LOCAL (OCLC)
Catalogador rac
Holdings
Estado de retiro (separado) Fuente de clasificación o esquema de estanterías Estado dañado Ubicación Sala donde se ubica Nombre de la colección Fecha de adquisición o compra Costo, precio normal en soles Signatura topográfica Código de Barras Última vez visto (Koha) Tipo de ítem (Koha)
No     Sala Hemeroteca Sala Hemeroteca Book Cart 2021-09-06 10.00 Rev.AHC/N°3/1952 REVC000383 2021-09-06 Revistas cusqueñas

Powered by Koha